Por el amor de Dios
Guardat en:
| Autor principal: | |
|---|---|
| Altres autors: | , |
| Format: | Llibre |
| Idioma: | Spanish |
| Publicat: |
San José, Costa Rica
Ministerio de Educación Pública
1969
|
| Matèries: | |
| Etiquetes: |
Afegir etiqueta
Sense etiquetes, Sigues el primer a etiquetar aquest registre!
|
MARC
| LEADER | 00000nam a22000007a 4500 | ||
|---|---|---|---|
| 008 | 140129s1969 cr a|||f |||| 00| f spa d | ||
| 040 | |a cru CIICLA Universidad de Costa Rica | ||
| 082 | |a CR863.4 D6337p | ||
| 100 | 1 | |a Dobles Segreda, Luis |d 1891-1957 | |
| 245 | 1 | 0 | |a Por el amor de Dios |c Luis Dobles Segreda ; edición de Luis Ferrero Acosta, Luis, ilustraciones de Juan Manuel Sánchez, |
| 260 | |a San José, Costa Rica |b Ministerio de Educación Pública |c 1969 | ||
| 300 | |a 77 páginas |b ilustraciones | ||
| 650 | 7 | |9 76 |a LITERATURA COSTARRICENSE |v CUENTOS | |
| 700 | 1 | 2 | |a Ferrero Acosta, Luis |j editor |
| 700 | 1 | 2 | |a Sánchez, Juan Manuel |j ilustrador |
| 942 | |2 ddc |c BK | ||
| 999 | |c 3270 |d 3270 | ||
